00305nam a2200133Ia 4500008004100000020001100041040001600052041001200068082001800080100001800098245001800116260002600134300001100160230917s9999||||xx |||||||||||||| ||und|| cPON5.5 e22565aMAIN aEnglish a301.157 W583S aWrite, Graham 0aSocialization aLondonbLongmanc1977 a147 p.